| 000 | 00379nam a2200145Ia 4500 | ||
|---|---|---|---|
| 008 | 150201s1998 xx 000 0 und d | ||
| 082 |
_a617.692 _bP1998S |
||
| 100 | _aSMIT BERNARD G.N. | ||
| 245 | _aPLANING AND MAKING CROWNS & BRIDGES | ||
| 250 | _a4TH | ||
| 260 |
_bINFORMA HEALTH CARE _aABINGDON (U.K) _c1998 |
||
| 300 | _a1-326 | ||
| 650 | _aPROSTHODONTICS | ||
| 942 |
_2ddc _cBK |
||
| 999 |
_c3605 _d3605 |
||